森林面積・森林被覆率が高い国 - Statistics

General Stats
  • This quiz has been taken 180 times
  • The average score is 23 of 40
Answer Stats
面積 % Correct
ロシア 8,153,116
99%
ブラジル 4,966,196
99%
カナダ 3,469,281
96%
アメリカ合衆国 3,097,950
96%
インドネシア 921,332
96%
インド 721,600
96%
中国 2,199,782
95%
日本 68.4%
93%
アルゼンチン 285,730
86%
オーストラリア 1,340,051
81%
メキシコ 656,921
78%
フィンランド 73.7%
78%
ペルー 723,304
76%
コロンビア 591,419
75%
スウェーデン 68.7%
74%
コンゴ民主共和国 1,261,552
68%
ベネズエラ 462,309
62%
韓国 64.4%
62%
パプアニューギニア 358,558
60%
パプアニューギニア 79.2%
60%
ボリビア 508,338
59%
コンゴ共和国 64.3%
54%
スリナム 97.4%
51%
タンザニア 457,450
49%
ガイアナ 93.6%
49%
ラオス 71.9%
46%
アンゴラ 666,074
39%
モザンビーク 367,438
37%
ブータン 71.4%
36%
ザンビア 448,140
35%
ブルネイ 72.1%
34%
ガボン 91.3%
32%
赤道ギニア 87.3%
30%
ソロモン諸島 90.1%
23%
パラオ 90%
20%
ギニアビサウ 70.4%
20%
ミクロネシア 92%
19%
リベリア 79.1%
16%
セイシェル 73.3%
13%
セントビンセントおよびグレナディーン諸島 73.2%
4%
No matching quizzes found
Score Distribution
Percent of People with Each Score
Percentile by Number Answered
Your Score History
You have not taken this quiz